Plánovanie - prežitok minulosti?

Plánovací proces. Typy plánovania. Kvalitatívne a kvantitatívne metódy plánovania. Plánovacie techniky. Samostatné APS systémy.

Guardado en:
Detalles Bibliográficos
Autor principal: Poniščiaková, Oľga
Formato: Capítulo de libro
Lenguaje:eslovaco
Materias:
Etiquetas: Agregar Etiqueta
Sin Etiquetas, Sea el primero en etiquetar este registro!

MARC

LEADER 00000naa a2200000 4500
001 0185062
005 20231120134211.2
041 0 |a slo 
044 |a SK 
245 1 0 |a Plánovanie - prežitok minulosti?  |c Oľga Poniščiaková 
520 |a Plánovací proces. Typy plánovania. Kvalitatívne a kvantitatívne metódy plánovania. Plánovacie techniky. Samostatné APS systémy. 
610 2 0 |a plánovanie 
610 2 0 |a metódy plánovania 
610 2 0 |a technika 
610 2 0 |a efektívnosť 
100 1 |a Poniščiaková, Oľga